000 01612nam a2200481 i 4500
001 2484
003 KOSZ 005
005 20201014112505.0
008 990506s1984 pl f f |000 0 pol
015 _aUWD 1984/7525
020 _a8320405858
035 _a991009721389705066
035 _a(PL-WaBN)b12626892-48omnis_nlop
035 _ab12626892
035 _a(OCoLC)749616054
035 _a(PL)b0000001262689
035 _a(EXLNZ-48OMNIS_NETWORK)9910199540605606
040 _aWA N
_cWA N
_dKOSZ 005/HR
041 0 _apol
046 _k1984
080 _a621.6
080 _a(075.8)
100 1 _aStryczek, Stefan
_d(1921-1997)
_eAutor
245 1 0 _aNapęd hydrostatyczny :
_belementy i układy : [dla studentów wydziałów mechanicznych wyższych szkół technicznych] /
_cStefan Stryczek.
260 _aWarszawa :
_bWydawnictwa Naukowo-Techniczne,
_c1984.
300 _a641, [3] s. ;
_c24 cm.
336 _aTekst
_btxt
_2rdacontent
337 _aBez urządzenia pośredniczącego
_bn
_2rdamedia
338 _aWolumin
_bnc
_2rdacarrier
380 _aKsiążki
380 _aPublikacje dydaktyczne
385 _mPoziom nauczania
_aSzkoły wyższe
388 _a1901-2000
388 _a1945-1989
650 7 _aNapęd hydrauliczny
_2DBN
650 7 _aUrządzenia
655 _aPodręczniki akademickie
658 _aInżynieria i technika
710 2 _aWydawnictwa Naukowo-Techniczne
_4pbl
856 _uhttp://koha.tu.koszalin.pl/cgi-bin/koha/opac-detail.pl?biblionumber=2484
_yKatalog online BPK
942 _2UKD
_cKS
999 _c2484
_d2484